Kabus petang

Bibliographic Details
Main Author: Mohd Tajuddin Haji Abdul Rahman
Format: Book
Published: Kuala Lumpur : Fajar Bakti , 1993
Subjects:

MARC

LEADER 00000cam a2200000 7i4500
001 0000002977
002 000003222
005 20000330.0
020 |a 9676526398 
090 0 0 |a F   |b MOH 
100 0 |a Mohd Tajuddin Haji Abdul Rahman 
245 1 0 |a Kabus petang   |c Mohd Tajuddin Haji Abdul Rahman 
260 |a Kuala Lumpur :   |b Fajar Bakti ,   |c 1993 
300 |a 154 p. ;   |c 21 cm. 
650 0 0 |a General fiction, Malay 
999 |a 036531   |b BUKU   |c PINJAMAN   |e PERPUSTAKAAN KOMUNITI PETALING JAYA 
999 |a 036532   |b BUKU   |c PINJAMAN   |e PERPUSTAKAAN KOMUNITI PETALING JAYA